| 000 | 00605nam a22002177a 4500 | ||
|---|---|---|---|
| 001 | 8732 | ||
| 003 | BD-RjUL | ||
| 005 | 20211208234635.0 | ||
| 008 | 140119s1971 xxu||||| |||| 00| 0 eng d | ||
| 035 | _a(BD-RjUL)8777 | ||
| 040 |
_aBD-RjUL _beng _cBD-RjUL _dBD-RjUL |
||
| 041 | _aeng | ||
| 082 | 0 | 4 |
_221 _a347.2 _bBIC 1971 |
| 100 | 1 |
_aBindra's, N. S. _927172 |
|
| 245 |
_aConveying draftsman and interpretation of deeds / _cN. S. Bindra's. _pV-2 |
||
| 250 | _a5th ed. | ||
| 260 |
_aAllahabad : _bLaw publishers, _c1971 |
||
| 300 |
_axxviii, 1029-2152 p. ; _c25 cm. |
||
| 650 |
_alaw _927173 |
||
| 942 |
_2ddc _cBK |
||
| 999 |
_c8732 _d8732 |
||